Child intelligence / (Record no. 125529)
[ view plain ]
| 000 -LEADER | |
|---|---|
| fixed length control field | 00681nam a22002297a 4500 |
| 005 - DATE AND TIME OF LATEST TRANSACTION | |
| control field | 20170124105956.0 |
| 010 ## - LIBRARY OF CONGRESS CONTROL NUMBER | |
| LC control number | B-209658 |
| 020 ## - INTERNATIONAL STANDARD BOOK NUMBER | |
| Terms of availability | 150.00 |
| International Standard Book Number | 819018460X |
| 035 ## - SYSTEM CONTROL NUMBER | |
| System control number | B-209658 |
| 037 ## - SOURCE OF ACQUISITION | |
| Source of stock number/acquisition | Cen Lib/Ret |
| 040 ## - CATALOGING SOURCE | |
| Original cataloging agency | DPL |
| Language of cataloging | EN |
| 082 ## - DEWEY DECIMAL CLASSIFICATION NUMBER | |
| Classification number | 155.413 |
| Item number | SHU |
| 100 ## - MAIN ENTRY--PERSONAL NAME | |
| Personal name | Shukla, Rajesh |
| 9 (RLIN) | 14657 |
| 245 ## - TITLE STATEMENT | |
| Title | Child intelligence / |
| Statement of responsibility, etc | by Rajesh Shukla |
| 260 ## - PUBLICATION, DISTRIBUTION, ETC. (IMPRINT) | |
| Place of publication, distribution, etc | Delhi |
| Name of publisher, distributor, etc | World Infrmation Syndicate |
| Date of publication, distribution, etc | 2004 |
| 270 ## - ADDRESS | |
| Address | 3/258-259, Trilok Puri |
| City | Delhi |
| Postal code | 110091 |
| 300 ## - PHYSICAL DESCRIPTION | |
| Extent | 141p. |
| Dimensions | 24cm(pbk) |
| 500 ## - GENERAL NOTE | |
| General note | Includes bibliographical references. |
| 650 ## - SUBJECT ADDED ENTRY--TOPICAL TERM | |
| Topical term or geographic name as entry element | Child rearing |
| 9 (RLIN) | 5183 |
| 650 ## - SUBJECT ADDED ENTRY--TOPICAL TERM | |
| Topical term or geographic name as entry element | Emotions in children |
| 9 (RLIN) | 14658 |
| 942 ## - ADDED ENTRY ELEMENTS (KOHA) | |
| Source of classification or shelving scheme | Dewey Decimal Classification |
| Koha item type | English Books |
| Classification part | 320.954 |
| Call number suffix | DIX |
| Withdrawn status | Lost status | Damaged status | Not for loan | Home library | Current library | Date acquired | Source of acquisition | Cost, normal purchase price | Total Checkouts | Full call number | Barcode | Date last seen | Copy number | Cost, replacement price | Price effective from | Koha item type |
|---|---|---|---|---|---|---|---|---|---|---|---|---|---|---|---|---|
| Central Library | Central Library | 22/06/2015 | Cen Lib/Ret | 150.00 | 155.413 SHU | B-209658 | 22/06/2015 | 1 | 150.00 | 22/06/2015 | English Books |
